al-Maqāmāt al-adabiyah : maʻahā thalāth rasāʼil /

محفوظ في:

المؤلف الرئيسي: Ḥarīrī, 1054-1122.

مؤلفون آخرون: Ibn al-Khashshāb, ʻAbd Allāh ibn Aḥmad, 1098 or 1099-1171 or 1172.

التنسيق: كتاب

اللغة: Arabic

منشور في: Miṣr : Maṭbaʻat Muṣṭafá al-Bābī al-Ḥalabī wa-Awlādih, 1369 [1950].

الطبعة: al-Ṭabʻah 3.

الوسوم: إضافة وسم

لا توجد وسوم, كن أول من يضع وسما على هذه التسجيلة!

رقم الطلب: PJ7755 .H3 M3 1950

LEADER 00939nam a2200205Ia 4500
003 OSt
005 20241111084658.0
008 231106s1950 ua 000 0 ara d
999 |c 54963  |d 54963 
040 |c ARCE Library 
050 4 |a PJ7755 .H3 M3 1950 
100 1 |a Ḥarīrī,   |d 1054-1122. 
245 1 0 |a al-Maqāmāt al-adabiyah :   |b maʻahā thalāth rasāʼil /   |c taʼlīf Abī Muḥammad al-Qāsim ibn ʻAlī al-Ḥarīrī al-Baṣrī. 
250 |a al-Ṭabʻah 3. 
264 1 |a Miṣr :   |b Maṭbaʻat Muṣṭafá al-Bābī al-Ḥalabī wa-Awlādih,   |c 1369 [1950]. 
300 |a 456, 96, 40 pages ;   |c 22 cm. 
505 0 |a 1: al-Risālah al-sīnīyah -- 2: al-Risālah al-shīnīyah -- 3: al-iʻtirāḍ ʻalá al-Ḥarīrī li-Abī Muḥammad ʻAbd Allāh ibn Aḥmad al-maʻrūf bi-Ibn al-Khashshāb al-Baghdādī. 
700 1 |a Ibn al-Khashshāb, ʻAbd Allāh ibn Aḥmad,   |d 1098 or 1099-1171 or 1172. 
901 |a reviewed 
942 |2 lcc  |c BK